| 000 | 01299nam0a22002891 4500 | ||
|---|---|---|---|
| 001 | rc\4077273 | ||
| 005 | 20260406165013.0 | ||
| 021 |
_aRU _b[51-24356] |
||
| 035 | _a(NLR Aleph) 008123694 | ||
| 090 |
_a9379606 _c9379606 |
||
| 100 | _a20130415d1951 |||y0rusy50 ca | ||
| 101 | 0 | _arus | |
| 102 | _aRU | ||
| 105 | _aa z ||||| | ||
| 200 | 1 | _aИнструкция по эксплуатации и ремонту кислородного редуктора "ВНИИАвтоген-КРР-50" | |
| 210 |
_a[Барнаул _cБ. и. _d1951] |
||
| 215 |
_a12 с. _cил. _d20 |
||
| 225 | 1 |
_aГлавкислород Министерства химической промышленности СССР. Всесоюзный научно-исследовательский институт автогенной обработки металлов "ВНИИАвтоген" _vТема № 159 |
|
| 300 | _aВ вып. дан. сост.: Черкез | ||
| 606 |
_aРедукторы кислородные _xЭксплуатация _2psbo |
||
| 702 | 1 |
_aЧеркез _4220 |
|
| 712 | 0 | 2 |
_aВНИИ автогенной обработки металлов _3RU\NLR\AUTH\889936449 _9367707 |
| 801 | 0 |
_aRU _bNLR _gpsbo |
|
| 801 | 1 |
_aRU _bELAR _2rusmarc |
|
| 852 |
_aNLR _jТ36 Г-4/1415 |
||
| 942 | _cBOOK | ||
| 980 | _aNB | ||